Design competitions / (Record no. 26539)

000 -LEADER
fixed length control field 00750pam a2200241 i 4500
001 - CONTROL NUMBER
control field 2738218
005 - DATE AND TIME OF LATEST TRANSACTION
control field 20170204151139.0
008 - FIXED-LENGTH DATA ELEMENTS--GENERAL INFORMATION
fixed length control field 781218s1979 nyua 001 0 eng
010 ## - LIBRARY OF CONGRESS CONTROL NUMBER
LC control number 78027787
020 ## - INTERNATIONAL STANDARD BOOK NUMBER
International Standard Book Number 0070603812
050 00 - LIBRARY OF CONGRESS CALL NUMBER
Classification number NA2335 .S68 1979
100 1# - MAIN ENTRY--PERSONAL NAME
Personal name Spreiregen, Paul D.
245 10 - TITLE STATEMENT
Title Design competitions /
Statement of responsibility, etc. Paul D. Spreiregen.
260 ## - PUBLICATION, DISTRIBUTION, ETC. (IMPRINT)
Place of publication, distribution, etc. New York :
Name of publisher, distributor, etc. McGraw-Hill,
Date of publication, distribution, etc. c1979.
300 ## - PHYSICAL DESCRIPTION
Extent ix, 310 p. :
Other physical details ill. ;
Dimensions 28 cm.
500 ## - GENERAL NOTE
General note Includes index.
650 #0 - SUBJECT ADDED ENTRY--TOPICAL TERM
Topical term or geographic name as entry element Architecture
General subdivision Competitions.
942 ## - ADDED ENTRY ELEMENTS (KOHA)
Source of classification or shelving scheme
Koha item type Hard Covered Materials
Holdings
Withdrawn status Lost status Source of classification or shelving scheme Damaged status Not for loan Home library Current library Shelving location Date acquired Source of acquisition Total Checkouts Full call number Barcode Date last seen Price effective from Koha item type
          MACHAKOS UNIVERSITY LIBRARY MACHAKOS UNIVERSITY LIBRARY Technical section 04/02/2017 Donation(BFA)   NA2335 .S68 1979 34168 19/07/2018 04/02/2017 Hard Covered Materials
© Machakos University Library, Along The Highway, Machakos Wote Rd, Machakos, Kenya P.O. Box 136 - 90100 Machakos - Kenya

Tel: ( +254 ) 723 805829 OR Fax : 044-20353 OR Email: library@mksu.ac.ke